| 000 | 00623nam a22001937a 4500 | ||
|---|---|---|---|
| 005 | 20251007143008.0 | ||
| 008 | 151013b xxu||||| |||| 00| 0 eng d | ||
| 020 | _a978-93-51113-04-1 | ||
| 082 |
_aDC 647.94068 _bEd22 |
||
| 100 |
_966 _aEdeson, Billy |
||
| 245 |
_aHospitality and tourism management strategies/ _cBilly Edeson |
||
| 260 |
_aNew Delhi, India _bRandom Publications _c2014 |
||
| 300 |
_a304 pages; _c24 cm. |
||
| 500 | _aIncludes bibliographical references and index | ||
| 650 | 0 |
_967 _aHospitality industry _xmanagement |
|
| 650 | 0 |
_968 _aTourism management |
|
| 650 | 0 |
_969 _aStrategic planning |
|
| 942 |
_2ddc _cDC |
||
| 999 |
_c31 _d31 |
||